000 00345 a2200157 4500
001 74264
020 _a857303096-8
040 _cAnchieta - Colégio São Paulo
100 _aMcclanahan, Elaine
240 1 0 _aA força do futuro
_lpor
245 1 0 _aA força do futuro
300 _a158
362 0 _a1996
650 4 _aEducação
942 _cBK
999 _c74264
_d74264